000 01155nam0a2200337 4500
001 RU\NLR\BIBL_A\012805239
005 20250624164009.0
010 _a978-5-4492-0264-2
_9500
021 _aRU
_b2022-12575
_9КН-П-1067
035 _a(RuMoRGB)010994547
035 _a(NLR Aleph) 012805239
090 _a13195655
_c13195655
100 _a20220531d2022 |||y0rusy50 ca
101 0 _arus
102 _aRU
105 _aac z 000ay
181 0 _ai3
_baxxe
182 0 _an
200 1 _aПроснувшиеся где-то
_eприключенческий триллер
_fЯрковская Вера
203 _aТекст
_bвизуальный
_cнепосредственный
210 _aМосква
_cКнигИздат
_d2022
215 _a171, [2] с., [1] л. портр.
_cил.
_d22
330 _aИздание предназначено для широкого круга читателей
675 _a821.161.1-31
_v4
686 0 _aШ9(2)62=Р7-4
700 1 _aЯрковская
_bВ.
_gВера
942 _cBOOK
980 _aNB